Erreurs sur une carte des drapeaux d'Europe - Statistiques

Statistiques générales
  • Ce quiz a été pris 31 376 fois
    31 352 depuis la dernière actualisation
  • Le résultat moyen est 5 sur 8
Réponses sur la Carte
Les réponses sont colorées sur une échelle allant du rouge au vert en fonction du pourcentage des utilisateurs qui les ont devinées à leur premier essai. Vous pouvez retrouver ces pourcentages ci-dessous.
 
Statistiques - réponses
Pays % Correct
Suède
93%
Portugal
83%
Royaume-Uni
77%
Suisse
76%
Grèce
57%
Pologne
55%
Saint-Marin
44%
Ukraine
31%
Aucun quiz correspondant
Distribution des résultats
% des personnes avec chaque résultat
Percentile par nombre de réponses
Votre historique - résultats
Vous n’avez pas pris ce quiz depuis la dernière actualisation